Producción de agrios

Сохранить в:
Библиографические подробности
Главный автор: Amorós Castañer, Manuel (Автор)
Формат:
Язык:испанский
Опубликовано: Madrid Mundi-Prensa 1995
Предметы:
Метки: Добавить метку
Нет меток, Требуется 1-ая метка записи!

MARC

LEADER 00000nam a2200000 a 4500
001 UCQ4075
003 CL-VaPUC
008 980829e19950000SP |||||||||||||||||spa|d
082 0 4 |a 634.3  |b AMO  |2 21 
100 0 |a Amorós Castañer, Manuel  |e author  |9 418314 
245 1 0 |a Producción de agrios 
300 |a 286 p 
942 |c BK 
945 |d 19980829 00:00:00  |a mvenant 
260 |a Madrid  |b Mundi-Prensa  |c 1995 
650 0 |a Frutas cítricas  |9 264288 
650 0 |a Taxonomia  |9 341054 
650 0 |a Suelos  |9 260322 
650 0 |a Clima  |9 265281 
650 0 |a Cultivo  |9 264268 
650 0 |a Riego  |9 259685 
650 7 |a FERTILIZANTE  |2 CL-VaPUC  |9 418315 
650 0 |a Control de plagas  |9 327373 
650 0 |a Enfermedades de las plantas  |9 259687 
583 |a last modification  |c 19980829 00:00:00  |k Rodrigo Vera 
999 |c 274555  |d 274553 
952 |0 0  |1 0  |4 0  |6 634_300000000000000_AMO_1995  |7 0  |8 A  |9 310765  |a BIBAGR  |b BIBAGR  |d 2019-11-20  |i 3458245  |l 1  |o 634.3 AMO 1995  |p 3458245  |r 2025-01-20  |s 2022-04-18  |w 2019-11-20  |y BK  |k AGR